National Anthem of the Czech Republic (Czechia) - Kde domov můj - Statistics

General Stats
  • This quiz has been taken 8 times
  • The average score is 55 of 78
Answer Stats
Lyrics % Correct
A
100%
a
100%
a
100%
česká
100%
česká
100%
domov
100%
domov
100%
domov
100%
domov
100%
domov
100%
domov
100%
domov
100%
domov
100%
hučí
100%
je
100%
je
100%
Kde
100%
kde
100%
Kde
100%
kde
100%
můj,
100%
můj,
100%
můj!
100%
můj!
100%
můj,
100%
můj,
100%
můj!
100%
můj!
100%
na
100%
to
100%
to
100%
to
100%
v
100%
v
100%
v
100%
země,
100%
země
100%
Země
100%
bory
80%
jara
80%
krásná
80%
květ,
80%
lučinách,
80%
po
80%
po
80%
pohled!
80%
ráj
80%
sadě
80%
se
80%
skalinách,
80%
skví
80%
šumí
80%
ta
80%
voda
80%
zemský-
80%
bohumilém
20%
Čechů
20%
Čechy
20%
Čechy
20%
čilém,
20%
kraji
20%
li
20%
mezi
20%
mezi
20%
plémě
20%
slavné
20%
těle
20%
tu
20%
zmar,
20%
znáš-
20%
duše
0%
jasnou,
0%
mysl
0%
sílu
0%
útlé
0%
vzdoru
0%
vznik
0%
zdar
0%
No matching quizzes found
Score Distribution
Percent of People with Each Score
Percentile by Number Answered
Your Score History
You have not taken this quiz